Shakespeare as literary dramatist/
Saved in:
| Main Author: | |
|---|---|
| Format: | Book |
| Language: | English |
| Published: |
Cambridge University press
2013
|
| Tags: |
Add Tag
No Tags, Be the first to tag this record!
|
MARC
| LEADER | 00000nam a22000007a 4500 | ||
|---|---|---|---|
| 008 | 210903b ||||| |||| 00| 0 eng d | ||
| 020 | |a 978-1-107-68506-2 | ||
| 100 | |a ERNE, Lukas. | ||
| 245 | |a Shakespeare as literary dramatist/ |c Lukas Erne |g xii, 313p.; ill. | ||
| 250 | |b 2nd |c Lukas Erne | ||
| 260 | |b Cambridge University press |c 2013 |h New York |i 696251—Arts. |i 696252 |l PR3072 .Er6 |m Shakespeare, Williams, 1564-1616 – Literacy style |m Shakespeare, Williams, 1564-1616 – Criticism, Textual |m Authors and readers – England – History – 16th Century. |m Authors and readers – England – History – 17th Century |m English language – Early Modern, 1500-1700 – Style. | ||
| 500 | |a “It includes index” | ||
| 942 | |a lcc |c BK |e j. o. ifatola |f 03/ 09/ 2021 | ||
| 952 | |0 0 |1 0 |2 lcc |4 0 |6 PR3072 E R6 |7 0 |9 3362 |a HOL |b HOL |c LP |d 2021-09-03 |l 0 |o PR3072 .Er6 |p 2021-67072 |r 2021-09-03 00:00:00 |w 2021-09-03 |y BK | ||
| 952 | |0 0 |1 0 |2 lcc |4 0 |6 PR3072 E R6 |7 0 |9 3363 |a HOL |b ART |c LP |d 2021-09-03 |l 0 |o PR3072 .Er6 |p 2021-67073 |r 2021-09-03 00:00:00 |w 2021-09-03 |y BK | ||
| 999 | |c 1674 |d 1674 | ||